Statistiques concernant Composants Alimentaires #1 : M&M's

Cliquez ici pour prendre le quiz!

Statistiques générales

  • Ce quiz a été pris 70 fois
  • Le résultat moyen est 9 sur 23

Statistiques - réponses

Taux d'importanceIngrédient% Correct
Principalenrobées de chocolat au lait et dragéifiées
91%
PrincipalSucre
91%
Secondairecolorants (E100, E120, E133, E160a, E160e, E170)
72%
PrincipalCacahuètes
67%
Secondairelactose
61%
Secondairelait écrémé en poudre
60%
Secondairelait entier en poudre
60%
Secondairematière grasse du lait
60%
SecondaireSel
54%
Secondairebeurre de cacao
51%
Secondairepâte de cacao
42%
Secondairehuile de palmiste
37%
Peut contenirNoisette
37%
Peut contenirAmande
25%
Secondaireamidon
19%
Secondaireémulsifiant (lécithine de soja)
19%
Secondairesirop de glucose
19%
SecondaireArômes
14%
Secondairedextrine
14%
Secondairematière grasse de palme
14%
Secondairematière grasse de karité
9%
Secondairestabilisant (gomme arabique)
9%
Secondaireagent d'enrobage (cire de carnauba)
7%

Distribution des résultats

Percentile par nombre de réponses

% des personnes avec chaque résultat

Votre développement - résultats

Vous n’avez pas pris ce quiz